000 00743nam a2200217 i 4500
001 41131
003 ES-MaACL
005 20230906160358.0
007 t|
008 030310s1959 sp ||||1| spa d
080 _a341.232.3(4):061.1
100 1 _aCartou, Louis.
_935907
245 1 3 _aEl Mercado Común y el derecho público /
_cLouis Cartou ; prefacio de Georges Vedel ; traducción del francés por Amando Lázaro Ros.
260 _aMadrid :
_bAguilar,
_c1959 (
_fMagisterio Español)
300 _aXIX, 280 p. ;
_c22 cm.
610 2 4 _aComunidad Económica Europea.
_93130
650 4 _aDerecho público-
_zEuropa.
_9153885
700 1 _aVedel, Georges.
_9113519
700 1 _aLázaro Ros, Amando.
_970807
852 _aES-MaACL
_jC-16570
999 _c41131
_d41131